| 000 | 00777nam a22001817a 4500 | ||
|---|---|---|---|
| 005 | 20120419132147.0 | ||
| 020 |
_c200.00 _a819011809 |
||
| 035 | _aB-13573 | ||
| 037 |
_b _adpl |
||
| 082 | _a363.73 | ||
| 100 |
_aचातक, गोविन्द _945415 |
||
| 245 | 1 |
_aपर्यावरण परंपरा और अपसंस्कृति / _cगोविन्द चातक |
|
| 260 |
_aनई दिल्ली _bतेज प्रकाशन _c2000 |
||
| 270 |
_a _b _e _k |
||
| 300 |
_a190पृ. _c22सेमी (सजिल्द) |
||
| 942 |
_adpl _cHN _k _2ddc _h363.73 _mचातक |
||
| 999 |
_c65295 _d65295 |
||